000
00200 a2200097 4500
020
_a
2370000294357
041
_a
eng
100
_a
Jess Connolly y Hayley Morgan
245
_a
Wild and Free
942
_c
BK
999
_c
16343
_d
16343